000 00993nam a22002537a 4500
005 20170123164142.0
010 _aB-210318
020 _c140.00
_a818138041
035 _aB-210318
037 _bCen Lib / Ret
040 _aDPL
_bPN
082 _a851
_bਸੇਖਵਾਂ
100 _aਜਸਵੰਤ ਸਿੰਘ ਸੇਖਵਾਂ
_9118614
245 _aਜਾਰਡ ਪੱਤੇ /
_cਜਸਵੰਤ ਸਿੰਘ ਸੇਖਵਾਂ
246 _aZard patte /
_bby Jaswant Singh Sekhwan
260 _a ਦਿੱਲੀ
_bਐਮ. ਪੀ. ਪ੍ਰਕਾਸ਼ਨ
_c2005
270 _a12/53 ਗੀਤਾ ਕਾਲੋਨੀ
_bਦਿੱਲੀ
_e110031
300 _a103p.
_c22cm(Hb)
650 _aਪੰਜਾਬੀ ਸਾਹਿਤ - ਕਵਿਤਾਵਾਂ
_9780
650 _a ਪੰਜਾਬੀ ਕਵਿਤਾਵਾਂ
_9118615
650 _aPunjabi Literature
_9781
650 _aPunjabi Poetry
_9118616
942 _2ddc
_cPN
_h851
_mਸੇਖਵਾਂ
999 _c109773
_d109773